Normal view MARC view

Entry Personal Name

Number of records used in: 1

001 - CONTROL NUMBER

  • control field: 33999

003 - CONTROL NUMBER IDENTIFIER

  • control field: OSt

005 - DATE AND TIME OF LATEST TRANSACTION

  • control field: 20221205150339.0

008 - FIXED-LENGTH DATA ELEMENTS

  • fixed length control field: 221205|| aca||aabn | a|a d

040 ## - CATALOGING SOURCE

  • Original cataloging agency: OSt
  • Transcribing agency: OSt

100 ## - HEADING--PERSONAL NAME

  • Personal name: Hussein, Shereen

670 ## - SOURCE DATA FOUND

  • Source citation: Work cat.: (OSt)520385: Hussein, Shereen, Employment inequalities among British minority ethnic workers in health and social care at the time of covid-19: A rapid review of the literature

Powered by Koha